000 01282cpcaa2200301 4500
001 mm 80052506
003 DLC
005 20260227111704.0
008 801222|||||||||||| eng
010 _amm 80052506
040 _aDLC
_cDLC
_edacs
_dDLC
072 7 _aN
_2lcmd
100 1 _aEwing, Thomas,
_d1789-1871.
245 0 0 _aThomas Ewing papers,
_f1815-1872.
300 _a6
_fmicrofilm reels.
506 0 _aOpen to research.
520 8 _aFamily and general correspondence, letterbooks, dockets and account books, speeches, financial papers, legal papers, and clippings.
530 _aMicrofilm edition only,
_dno. 13,952.
533 _aMicrofilm of originals in the University of Notre Dame Archives (South Bend, Ind.).
535 1 _aIndiana: University of Notre Dame Archives, South Bend
545 0 _aLawyer, U.S. senator from Ohio, U.S. secretary of the treasury, and of the interior.
555 8 _aFinding aid available in the Library of Congress Manuscript Reading Room.
656 7 _aCabinet officers.
_2itoamc
656 7 _aLawyers.
_2itoamc
656 7 _aSenators, U.S. Congress
_zOhio.
_2itoamc
999 _c42892
_d42892